Zrada

Titel: Zrada : publicystyka / / avtorka zadumu ta uporjadnycja Halyna Kavka-Prochna.
Beteiligt:
Veröffentlicht: Lʹviv : Spolom, 2024
Umfang: 267 Seiten : Illustrationen, Porträts
Format: Buch
Sprache: Ukrainisch
Schlagworte:
ISBN: 9789669198679 ; 9669198674
Buchumschlag
X
alg: 54239813
001A    $03004:25-02-26 
001B    $03004:25-02-26 $t10:55:50.000 
001D    $03004:25-02-26 
001U    $0utf8 
001X    $00 
002@    $0Aau 
002C    $aText $btxt $2rdacontent 
002D    $aohne Hilfsmittel zu benutzen $bn $2rdamedia 
002E    $aBand $bnc $2rdacarrier 
003@    $0542398133 
004A    $A978-966-919-867-9 
004A    $0966-919-867-4 
006C    $01521090529 $aOCoLC 
010@    $aukr 
010E    $erda 
011@    $a2024 $n2024 
021A    $aZrada $T01 $dpublicystyka $ULatn $h/ avtorka zadumu ta uporjadnycja Halyna Kavka-Prochna. 
021A    $aЗрада $T01 $dпубліцистика $UCyrl $h/ авторка задуму та упорядниця Галина Кавка-Прохна. 
028C    $BHerausgeber $#Кавка-Прохна, Галина Михайлівна $#Kavka-Prochna, Halyna $#Prochna, Halyna Kavka- $#Kavka-Prochna, H. M. $#Kavka, Halyna Mychajlivna $#Kavka-Prochna, H. $T01 $4edt $ULatn $7133324598X $8Kavka-Prochna, Halyna Mychajlivna$Z20./21. Jh. [Tp3] $9519185455 
028C    $BHerausgeber $#Кавка-Прохна, Галина Михайлівна $#Kavka-Prochna, Halyna $#Prochna, Halyna Kavka- $#Kavka-Prochna, H. M. $#Kavka, Halyna Mychajlivna $#Kavka-Prochna, H. $T01 $4edt $UCyrl $7133324598X $8Кавка-Прохна, Галина Михайлівна$Z20./21. Jh. [Tp3] $9519185455 
033A    $pLʹviv $nSpolom 
034D    $a267 Seiten 
034M    $aIllustrationen, Porträts 
044K    $RUkrainische SSR $#Ukraine $#Ukraine $#Ukraine $#Украïна $#Ukrainische SSR $#Ukrajina $#Ukraina $#Ukraïna Ukraine $#Ukraina Ukraine $#Ukrajna $74061496-7 $8Ukraine [Tg1] $9085170801 
044K    $#Betrayal $#Trahison (morale) $#Traición (Ética) $#Betrayal $74191646-3 $8Verrat [Ts1] $908595361X 
044K    $#Blossstellung $74345631-5 $8Blamage [Ts1] $9088187624 
045F    $a900.9477 $eDDC23BSB 
045F/01 $a900 
045F/03 $g477 
045R    $aGeschichte 
045T    $aOST $qDE-12 $2FID 
046L    $aText ukrainisch; kyrillische Schrift 

lok: 54239813 24

exp: 54239813 24 1 #EPN
201B/01 $025-02-26 $t12:04:02.000 
201C/01 $025-02-26 
201U/01 $0utf8 
203@/01 $01335657894 
208@/01 $a25-02-26 $bz 
209A/01 $a26.00569 $du $f050 $h26 00569 $x00 
209C/01 $a26.00569 K $h26 00569 K 
209G/01 $a74965750 $x00 
220C/01 $ajwa 
247C/01 $8358050-7 Marburg, Bibliothek des Herder-Instituts Marburg $9102600961
LEADER 00000nam a2200000 c 4500
001 542398133
003 DE-603
005 20260225105550.0
007 tu
008 260225s2024 xx |||| | u00||u|ukr c
020 |a 9789669198679 
020 |a 9669198674 
035 |a (DE-599)HEB542398133 
040 |a DE-603  |b ger  |c DE-603  |d DE-603  |e rda 
041 |a ukr 
082 0 4 |8 1\u  |a 900.9477  |q DE-101  |2 23/BSB 
084 |a OST  |q DE-12  |2 fid 
085 |8 1\u  |b 900 
085 |8 1\u  |z 2  |s 477 
245 0 0 |6 880-01/Latn  |a Zrada  |b publicystyka  |c / avtorka zadumu ta uporjadnycja Halyna Kavka-Prochna. 
264 1 |a Lʹviv  |b Spolom  |c 2024 
300 |a 267 Seiten  |b Illustrationen, Porträts 
336 |a Text  |b txt  |2 rdacontent 
337 |a ohne Hilfsmittel zu benutzen  |b n  |2 rdamedia 
338 |a Band  |b nc  |2 rdacarrier 
546 |a Text ukrainisch; kyrillische Schrift 
648 7 |a Geschichte  |2 gnd 
650 7 |a Verrat  |0 (DE-588)4191646-3  |0 (DE-603)08595361X  |2 gnd 
650 7 |a Blamage  |0 (DE-588)4345631-5  |0 (DE-603)088187624  |2 gnd 
651 7 |a Ukraine  |0 (DE-588)4061496-7  |0 (DE-603)085170801  |2 gnd 
700 1 |6 880-02/Latn  |a Kavka-Prochna, Halyna Mychajlivna  |d 20./21. Jh.  |e Herausgeber  |4 edt  |0 (DE-603)519185455  |0 (DE-588)133324598X  |2 gnd 
880 0 0 |6 245-01/Cyrl  |a Зрада  |b публіцистика  |c / авторка задуму та упорядниця Галина Кавка-Прохна. 
880 1 |6 700-02/Cyrl  |a Кавка-Прохна, Галина Михайлівна  |d 20./21. Jh.  |e Herausgeber  |4 edt  |0 (DE-603)519185455  |0 (DE-588)133324598X  |2 gnd 
924 0 |9 Mb 50  |a (DE-603)1335657894  |b DE-Mb50  |c HES  |d c  |g 26.00569